| 000 | 00982nam a22002297a 4500 | ||
|---|---|---|---|
| 999 |
_c3068 _d3068 |
||
| 003 | AR-CdUCM | ||
| 008 | 190305b ||||| |||| 00| 0 spa d | ||
| 040 |
_aMUNICIPALIDAD PROVINCIAL DEL CUSCO _cBIBLIOTECA MUNICIPAL DEL CUSCO |
||
| 082 |
_24ed. _a338.12 / _bF52 |
||
| 100 |
_aFigueroa, Adolfo _916 |
||
| 245 | _aLa economía campesina de la Sierra del Perú / | ||
| 260 |
_aLima : _bFondo Editorial de la Pontificia Universidad Católica del Perú, _c1989. |
||
| 300 |
_a146 paginas ; _c20 cm. |
||
| 505 | _aLa economía campesina de la sierra: datos globales y métodos de su estudio -- La unidad de producción: la familia campesina -- Producción e intercambio -- El nivel de ingreso campesino y su estructura ... | ||
| 650 |
_aAgricultura _9320 |
||
| 650 |
_aAspectos económicos _9261 |
||
| 650 |
_aEconomía campesina _92215 |
||
| 650 |
_aEstructura campesina _910411 |
||
| 710 |
_aPontificia Universidad Católica del Perú _9400 |
||
| 942 |
_2ddc _cLIBROS |
||
| 945 | _awnts | ||